MARC details
| 000 -CABECERA |
| campo de control de longitud fija |
03293nam a2200349 4500 |
| 003 - IDENTIFICADOR DEL NÚMERO DE CONTROL |
| campo de control |
EC-UNACH |
| 005 - FECHA Y HORA DE LA ÚLTIMA TRANSACCIÓN |
| campo de control |
20250515164035.0 |
| 006 - CÓDIGOS DE INFORMACIÓN DE LONGITUD FIJA--CARACTERÍSTICAS DEL MATERIAL ADICIONAL |
| campo de control de longitud fija |
s||||gr|||| 00| 00 |
| 008 - DATOS DE LONGITUD FIJA--INFORMACIÓN GENERAL |
| campo de control de longitud fija |
150116t9999 mx r gr 000 0 spa d |
| 020 ## - NÚMERO INTERNACIONAL ESTÁNDAR DEL LIBRO |
| Número Internacional Estándar del Libro |
9789942963406 |
| 040 ## - FUENTE DE LA CATALOGACIÓN |
| Centro catalogador/agencia de origen |
EC-UNACH |
| Centro/agencia transcriptor |
EC-UNACH |
| 041 ## - CÓDIGO DE LENGUA |
| Código de lengua del texto/banda sonora o título independiente |
spa |
| 082 04 - NÚMERO DE LA CLASIFICACIÓN DECIMAL DEWEY |
| Número de edición |
23 |
| Número de clasificación |
300 |
| Número de documento/Ítem |
L017779 |
| 110 ## - ENTRADA PRINCIPAL--NOMBRE DE ENTIDAD CORPORATIVA |
| Nombre de entidad corporativa o nombre de jurisdicción como elemento de entrada |
Centro Andino de Acción Popular (CAAP) |
| 245 ## - MENCIÓN DE TÍTULO |
| Título |
Estudios y Análisis. Una década desperdiciada. Las sombras del correismo |
| 250 ## - MENCIÓN DE EDICIÓN |
| Mención de edición |
Primera edición |
| 264 ## - Producción, publicación, distribución, fabricación y copyright |
| Lugar de producción, publicación, distribución, fabricación |
Quito – Ecuador |
| Nombre del de productor, editor, distribuidor, fabricante |
CAAP |
| Fecha de de producción, publicación, distribución, fabricación o copyright |
2018 |
| 300 ## - DESCRIPCIÓN FÍSICA |
| Extensión |
260 páginas |
| Otras características físicas |
Gráficos, Cuadros |
| Dimensiones |
14,5 X 21 cm |
| 505 ## - NOTA DE CONTENIDO CON FORMATO |
| Nota de contenido con formato |
Capítulo 1.- Crisis que develó la no-transformación -- Capítulo 2: Algunos elementos teóricos sobre la crisis Acumulación, crisis y enfermedad holandesa. Correísmo, dominación burguesa y el falso Buen Vivir. Un prolongado ciclo político de la economía -- Capítulo 3: Crisis a pesar de haber vivido en la abundancia. Algunas evidencias irrefutables de la crisis. Contracción de ingresos presentes y futuros. Deterioro acelerado del mundo laboral. Ingresos, gastos y deuda en medio de la abundancia ¿Con cuántos recursos contó el correísmo y cuánto se gastó?. Deuda pública oficial: la mano lo hace, el codo lo deshace. Deuda pública no-oficial: jugando al "filo de la navaja"? -- Capítulo 4.- La no-transformación, trasfondo de la crisis. Una "matriz productiva" intacta Indefiniciones e imposibilidades sectoriales. Ni las metas oficiales se cumplieron. Aún condenados al extractivismo y a la dependencia. Extractivismos exacerbados La maldición de la abundancia petrolera. Megaminería a "sangre y fuego". Entre otros extractivismos y el ingreso de transgénicos. Ya tenemos hidroeléctricas, carreteras... y también corrupción. Hidroeléctricas e infraestructura: entre retrasos y sobreprecios. De una "revolución ética" a una "matriz corrompida". El despilfarro de una década Festin privatizador. Otros despilfarros y saldo de la década desperdiciada -- Capitulo 5: ¿Por qué no se dio la transformación?. La década ganada... de los grandes grupos económicos <br/>Grandes grupos económicos y algunos vínculos con el gobierno <br/>Concentración y centralización del capital. Algunas incertidumbres de la economía ecuatoriana. Entre la informalidad e incertidumbre monetaria. ¿La tribulación de la dolarización?. A modo de conclusión: un país incierto que no cambió -- Capitulo 5: ¿Por qué no se dio la transformación?. La década ganada... de los grandes grupos económicos. Grandes grupos económicos y algunos vínculos con el gobierno. Concentración y centralización del capital. Algunas incertidumbres de la economía ecuatoriana. Entre la informalidad e incertidumbre monetaria.¿La tribulación de la dolarización?. A modo de conclusión: un país incierto que no cambió.<br/> |
| 650 ## - PUNTO DE ACCESO ADICIONAL DE MATERIA--TÉRMINO DE MATERIA |
| Término de materia o nombre geográfico como elemento inicial |
DEUDA PÚBLICA OFICIAL |
| 650 ## - PUNTO DE ACCESO ADICIONAL DE MATERIA--TÉRMINO DE MATERIA |
| Término de materia o nombre geográfico como elemento inicial |
MATRIZ PRODUCTIVA |
| 650 ## - PUNTO DE ACCESO ADICIONAL DE MATERIA--TÉRMINO DE MATERIA |
| Término de materia o nombre geográfico como elemento inicial |
RETRASOS Y SOBREPRECIOS |
| 650 ## - PUNTO DE ACCESO ADICIONAL DE MATERIA--TÉRMINO DE MATERIA |
| Término de materia o nombre geográfico como elemento inicial |
ABUNDANCIA PETROLERA |
| 650 ## - PUNTO DE ACCESO ADICIONAL DE MATERIA--TÉRMINO DE MATERIA |
| Término de materia o nombre geográfico como elemento inicial |
INGRESO DE TRANSGÉNICOS |
| 700 ## - PUNTO DE ACCESO ADICIONAL--NOMBRE DE PERSONA |
| Nombre de persona |
Acosta, Alberto |
| 700 ## - PUNTO DE ACCESO ADICIONAL--NOMBRE DE PERSONA |
| Nombre de persona |
Cajas Guijarro, John |
| 942 ## - ELEMENTOS DE PUNTO DE ACCESO ADICIONAL (KOHA) |
| Fuente del sistema de clasificación o colocación |
Clasificación Decimal Dewey |
| Tipo de ítem Koha |
Libros |
| 999 ## - NÚMEROS DE CONTROL DE SISTEMA (KOHA) |
| Koha biblionumber |
13576 |